Событийный маркетинг: руководство для заказчиков и исполнителей

書誌詳細
第一著者: Назимко А. Е. Алексей Евгеньевич
要約:Эта книга — первый в деловой литературе опыт анализа российской индустрии специальных мероприятий. Автор рассматривает важнейшие аспекты событийного маркетинга. Вы узнаете, как согласовываются событие и бренд, как осуществляется взаимодействие ивент-компании и заказчика, что следует учитывать заказчику при выборе подрядчика для организации специального мероприятия, как ивент-агентство может более эффективно продвигать свои услуги и т. д. Книга адресована владельцам и сотрудникам ивент-компаний, представителям HR- и PR-департаментов компаний, специалистам по маркетинговым коммуникациям, всем, кто стремится сделать карьеру в ивент-индустрии.
言語:ロシア語
出版事項: Москва, Вершина, 2007
主題:
フォーマット: 図書
KOHA link:https://koha.lib.tpu.ru/cgi-bin/koha/opac-detail.pl?biblionumber=130091

MARC

LEADER 00000nam0a2200000 4500
001 130091
005 20231031133813.0
010 |a 5962602781 
035 |a (RuTPU)RU\TPU\book\140892 
090 |a 130091 
100 |a 20080131d2007 km y0rusy50 ca 
101 0 |a rus 
102 |a RU 
105 |a a z 001zy 
200 1 |a Событийный маркетинг  |e руководство для заказчиков и исполнителей  |f А. Е. Назимко 
210 |a Москва  |c Вершина  |d 2007 
215 |a 224 с.  |c ил. 
320 |a Библиография: с. 214-220. 
320 |a Словарь терминов: с. 221-223. 
330 |a Эта книга — первый в деловой литературе опыт анализа российской индустрии специальных мероприятий. Автор рассматривает важнейшие аспекты событийного маркетинга. Вы узнаете, как согласовываются событие и бренд, как осуществляется взаимодействие ивент-компании и заказчика, что следует учитывать заказчику при выборе подрядчика для организации специального мероприятия, как ивент-агентство может более эффективно продвигать свои услуги и т. д. Книга адресована владельцам и сотрудникам ивент-компаний, представителям HR- и PR-департаментов компаний, специалистам по маркетинговым коммуникациям, всем, кто стремится сделать карьеру в ивент-индустрии. 
610 1 |a экономика 
610 1 |a маркетинг 
610 1 |a маркетинговые коммуникации 
610 1 |a событийный маркетинг 
610 1 |a бренды 
610 1 |a имидж 
610 1 |a инвент-компании 
610 1 |a менеджеры 
610 1 |a заказчики 
610 1 |a исполнители 
610 1 |a инвент-менеджеры 
610 1 |a карьера 
686 |a У9(2)212.4  |v LBC/SL-A  |2 rubbk 
700 1 |a Назимко  |b А. Е.  |g Алексей Евгеньевич 
801 1 |a RU  |b 63413507  |c 20080131  |g PSBO 
801 2 |a RU  |b 63413507  |c 20120925  |g PSBO 
942 |c BK